Statistics for Tesco Arena dad's names

Click here to take the quiz!

General Stats

  • This quiz has been taken 17 times
  • The average score is 13 of 21

Answer Stats

HintAnswer% Correct
JohnDan
86%
JonesSteve
86%
TubbAndy
71%
BeenBen
71%
LukeJohn
71%
GaffneyMike
71%
SpinMike
71%
MattPeter
71%
HillySimon
71%
StanSimon
71%
ScottVincent
71%
BishBarry
57%
SamuelChris
57%
DickupIan
57%
TomJames
57%
BenRobert
57%
ClevRuwan
57%
DanMark
43%
GKStuart
43%
IsaiahErrol
29%
L LariVincenzo
29%

Score Distribution

Percentile by Number Answered

Percent of People with Each Score

Your Score History

You have not taken this quiz